| 000 | 01559nam0a2200349 4500 | ||
|---|---|---|---|
| 001 | RU\NLR\bibl\2036141 | ||
| 005 | 20260406071708.0 | ||
| 010 |
_a978-5-4312-0171-4 _9500 |
||
| 021 |
_aRU _b2013-31145 _92140 |
||
| 035 | _a(NLR Aleph) 002023587 | ||
| 090 |
_a4516331 _c4516331 |
||
| 100 | _a20130523d2013 |||y0rusy50 ca | ||
| 101 | 0 |
_arus _aeng _audm |
|
| 102 | _aRU | ||
| 105 | _ay ||||||||| | ||
| 200 | 1 |
_aМифопоэтика в поэзии Михаила Петрова _fР.В. Кириллова _gФГБОУ ВПО "Удм. гос. ун-т", Удм. ин-т истории, яз. и лит. УрО РАН |
|
| 210 |
_aИжевск _cУдмуртский университет _d2013 |
||
| 215 |
_a193, [1] с. _d21 |
||
| 300 | _aЧасть текста на англ. и удм. яз. | ||
| 320 | _aБиблиогр.: с. 135-152 и в подстроч. примеч. | ||
| 604 |
_1200#1$aПетров$gМихаил Петрович$bМ.П.$f1905 - 1955 _1235|#$aПоэзия _aПетров, Михаил Петрович (1905 - 1955) _tПоэзия _3RU\NLR\AUTH\661599434 _92149634 |
||
| 686 | _aШ5(2=У)7-4Петров | ||
| 700 | 1 |
_aКириллова _bР. В. _gРоза Владимировна _4070 |
|
| 702 | 1 |
_4570 _8rus _7ca _aПетров _bМ. П. _cписатель _f1905-1955 _gМихаил Петрович _3RU\NLR\AUTH\7716735 _9126369 |
|
| 801 | 0 |
_aRU _bNLR _c20130523 _gRCR |
|
| 801 | 1 |
_aRU _bNLR _c20130523 |
|
| 830 | _aавт. по кн. | ||
| 942 | _cBOOK | ||
| 980 | _aNBR | ||
| 980 | _aNB | ||